Religion Quiz

Random Religion or World Quiz

Largest World Religions Quiz Stats

 Plays Quiz Updated Oct 18, 2017

Score 0/19 Timer 05:00
15 Plays Today
Adherents Religion % Correct
2.2 billionChristianity
99.4%
1.6 billionIslam
90.8%
14 millionJudaism
83.6%
376 millionBuddhism
78.7%
1.0 billionHinduism
78.3%
394 millionChinese Traditional
45.5%
4 millionShinto
34%
30 millionSikhism
33.8%
1 millionNeo-Paganism
26.9%
4.2 millionJainism
21.6%
Adherents Religion % Correct
7 milllionBaha'i
18.3%
300 millionPrimal-indigenous
17.9%
100 millionAfrican Traditional & Diasporic
16.8%
2.6 millionZoroastrianism
16.4%
0.6 millionRastafari
11.4%
0.8 millionUnitarian-Universalism
6.4%
15 millionSpiritism
4.7%
4 millionCao Dai
3.1%
2 millionTenrikyo
2.2%

You're not logged in!

Compare scores with friends on all Sporcle quizzes.
OR
Log In

Sporcle TV

Today on Sporcle TV


Watch our educational content, quiz creation guides, and fun videos on Sporcle TV.

Show Comments

Extras

Top Quizzes Today


Score Distribution

Your Account Isn't Verified!

In order to create a playlist on Sporcle, you need to verify the email address you used during registration. Go to your Sporcle Settings to finish the process.

Report this User

Report this user for behavior that violates our Community Guidelines.

Details: